01486cas a2200445 a 45000010009000000050017000090070003000260080041000290100017000700150019000870160018001060160020001240160022001440160018001660160022001840160020002060220017002260220014002430250020002570300019002770350024002960400119003200420014004390500014004530600014004670820016004812100025004972220035005222450036005572600056005932600032006493000025006813100014007063620073007205100041007936500031008346500031008657100045008967760099009411115640220140905113310.0t|750901c19619999ii qr p 0 a0eng c asa 64005719  a01228873X2dnb7 a03747032DNLM7 aI097800002DNLM7 a413422--92DE-6007 a0098485272Uk7 a01228873X2DE-1017 a41342292DE-6000 a0046-8991200 a0973-7715 aPL480:I-D-E-537 aIJMBACzIJMPAC a(OCoLC)ocm01586408  aMnMULSbengcMnMULSdNICdNSDPdMHdOCoLCdDLCdAIPdDLCdAIPdNSDPdOUCAdDNLMdOCoLCdHEBISdGBVCPdUKMGBdOCoLC ansdpapcc00aQR1b.I4800aW1bIN21904a576/.052190 aIndian j. microbiol. 0aIndian journal of microbiology00aIndian journal of microbiology. aCalcutta :bAssociation of Microbiologists of India aNew Delhi :bSpringer India av. :bill. ;c26 cm. aQuarterly1 aBegan with: Vol. 1, in Jan./Mar. 1961.zCf. New serial titles, 1963.2 aChemical abstractsx0009-2258b-1987 0aMicrobiologyvPeriodicals. 2aMicrobiologyvPeriodicals.2 aAssociation of Microbiologists of India.08iOnline version:tIndian journal of microbiologyx0973-7715w(DLC)sa 64005719w(OCoLC)190811598